[Event "Kesarovski Georgiev Memorial 6th"]
[Site "Sunny Beach"]
[Date "2007.09.16"]
[Round "7"]
[White "Paskalev, Dinko"]
[Black "Andonov, Anatoli"]
[Result "0-1"]
[WhiteElo "1888"]
[BlackElo "1873"]
[PlyCount "96"]
[EventDate "2007.09.10"]
[EventType "swiss"]
[EventRounds "9"]
[EventCountry "BUL"]
[SourceTitle "CBM 120 Extra"]
[Source "ChessBase"]
[SourceDate "2007.11.01"]
[SourceVersion "1"]
[SourceVersionDate "2007.11.01"]
[SourceQuality "1"]

1. Nf3 Nf6 2. c4 e6 3. g3 d5 4. Bg2 dxc4 5. Qa4+ Nc6 6. Ne5 Bd7 7. Nxd7 Qxd7 8. Bxc6 bxc6 9. Nc3 Bd6 10. Qxc4 0-0 11. b3 a5 12. Bb2 Rfb8 13. 0-0 Rb4 14. Qd3 e5 15. Na4 Qh3 16. f3 Nh5 17. Rf2 Rab8 18. Bc3 R4b5 19. e3 Re8 20. Qf1 Qe6 21. Qg2 e4 22. Raf1 h6 23. fxe4 Rg5 24. Rf5 g6 25. Rxg5 hxg5 26. g4 Ng7 27. Qf3 Bb4 28. Bxb4 axb4 29. Nc5 Qe7 30. d4 Ne6 31. Nxe6 Qxe6 32. e5 Ra8 33. Rf2 Ra5 34. e4 Ra8 35. h3 Rd8 36. Qe3 c5 37. d5 Qxe5 38. Qf3 Rd7 39. Rc2 Re7 40. Rc4 Qa1+ 41. Kf2 Qxa2+ 42. Ke1 Qb1+ 43. Kd2 Qb2+ 44. Rc2 Qd4+ 45. Qd3 Qf2+ 46. Kc1 Qe1+ 47. Qd1 Qxe4 48. Rxc5 Qe3+ 0-1